Computer graphics : (Record no. 5196)

MARC details
000 -LEADER
fixed length control field 00977nam a22002897a 4500
001 - CONTROL NUMBER
control field 5196
003 - CONTROL NUMBER IDENTIFIER
control field FISKH
005 - DATE AND TIME OF LATEST TRANSACTION
control field 20241213143258.0
008 - FIXED-LENGTH DATA ELEMENTS--GENERAL INFORMATION
fixed length control field 241118b cb ||||| |||| 00| 0 eng d
020 ## - INTERNATIONAL STANDARD BOOK NUMBER
International Standard Book Number 9780531220085
040 ## - CATALOGING SOURCE
Original cataloging agency FISKH
Language of cataloging eng
Transcribing agency FISKH
Modifying agency FISKH
050 ## - LIBRARY OF CONGRESS CALL NUMBER
Classification number T385.C8535
082 ## - DEWEY DECIMAL CLASSIFICATION NUMBER
Classification number 006.6
100 ## - MAIN ENTRY--PERSONAL NAME
Personal name Cunningham, Kevin
245 ## - TITLE STATEMENT
Title Computer graphics :
Remainder of title from concept to consumer /
Statement of responsibility, etc. by Kevin Cunningham
260 ## - PUBLICATION, DISTRIBUTION, ETC.
Place of publication, distribution, etc. New York :
Name of publisher, distributor, etc. Children's Press ;
Date of publication, distribution, etc. 2014 .
300 ## - PHYSICAL DESCRIPTION
Extent 64 pages :
Other physical details color illustrations ;
Dimensions 24 cm .
490 ## - SERIES STATEMENT
Series statement Calling All Innovators: A Career For You
505 ## - FORMATTED CONTENTS NOTE
Formatted contents note Z <br/>
520 ## - SUMMARY, ETC.
Summary, etc. Explores the computer graphics industry and what it takes to be a computer graphic designer.
521 8# - TARGET AUDIENCE NOTE
Target audience note 1170 <br/>
Source Lexile <br/>
521 8# - TARGET AUDIENCE NOTE
Target audience note Z <br/>
Source Raz-Plus <br/>
650 ## - SUBJECT ADDED ENTRY--TOPICAL TERM
Topical term or geographic name entry element computer graphics-history
Form subdivision juvenile literature
650 ## - SUBJECT ADDED ENTRY--TOPICAL TERM
Topical term or geographic name entry element computer graphics -Vacational guidance
Form subdivision juvenile literature
942 ## - ADDED ENTRY ELEMENTS (KOHA)
Source of classification or shelving scheme Dewey Decimal Classification
Koha item type Books
Suppress in OPAC No
Holdings
Withdrawn status Lost status Source of classification or shelving scheme Damaged status Not for loan Collection Home library Current library Shelving location Date acquired Total Checkouts Full call number Barcode Date last seen Copy number Price effective from Koha item type
    Dewey Decimal Classification     Non-Fiction Footprints International School Library Network Toul Kork Campus Footprints International School Library Network Toul Kork Campus TTP Secondary Non-Fiction Bookshelves 11/18/2024   CUN 006.6 T385.C8535 FISSE00621 11/18/2024 1 11/18/2024 Books
    Dewey Decimal Classification     Non-Fiction Footprints International School Library Network Toul Kork Campus Footprints International School Library Network Toul Kork Campus TTP Secondary Non-Fiction Bookshelves 11/18/2024   CUN 006.6 T385.C8535 FISSE00622 12/13/2024 2 11/18/2024 Books